000 00742nam a2200265Ia 4500
005 20260302114656.0
008 008 260114s9999 xx 000 0 eng d
020 _a9798765104811
037 _aTextbook
040 _aCRL
040 _beng
040 _cCRL
041 _2eng
041 _aeng
084 _qCRL
100 _aDaniel Jenkin-Smith
_91119412
245 4 _aThe Rise of Office Literature Bureaucratization and Aesthetics in Britain and France, 1810-1900
260 _bBloomsbury
260 _bBloomsbury Academic
260 _c2025
650 _aLiterary Studies
856 _uhttps://doi.org/10.5040/9798765104811?locatt=label:secondary_bloomsburyCollections
942 _cEBOOK
999 _c1683442
_d1683442